000 00276cam a22000857a 4500
008 180718b1971 xxu||||| |||| 00| 0 eng d
082 _aK12055x54 In2/R/1971
245 _aClassified list of gazetted establishment of Indian railways
260 _aDelhi
_bManager of Publications
_c1971
999 _c499729
_d499729